| 000 | 00000nam##2200000za#4500 |
| 001 | 9.574402 |
| 003 | CaOODSP |
| 005 | 20210624184151 |
| 007 | cr ||||||||||| |
| 008 | 150406|2009||||xxc|||||o f|0| 0 eng|d |
| 022 | |a1488-5379 |
| 040 | |aCaOODSP|beng |
| 043 | |an-cn--- |
| 086 | 1 |aFs97-6/2858E-PDF |
| 110 | 1 |aCanada. |bDepartment of Fisheries and Oceans. |
| 245 | 10|aOccurrence of leatherback sea turtles (Dermochelys coriacea) off the Pacific coast of Canada, 1931-2009 / |h[electronic resource]|cby L. D. Spaven, J. K. B. Ford and C. Sbrocchi. |
| 260 | |aNanaimo - British Columbia : |bFisheries and Oceans Canada |c2009. |
| 300 | |a40p.|bfigs., graphs, maps, references, tables |
| 490 | 1 |aCanadian technical report of fisheries and aquatic sciences|x1488-5379|v2858 |
| 500 | |aThe catalogue number (Fs97-6/2858E) and ISSN (0706-6457) for the print edition have been incorrectly copied in this electronic publication. |
| 546 | |a(Résumé en français) |
| 590 | |a12-33-Supp|b2012-07-18 |
| 720 | 1 |aSpaven, L.D. |
| 720 | 1 |aFord, J.K.B. |
| 720 | 1 |aSbrocchi, C. |
| 776 | 0#|tOccurrence of leatherback sea turtles (Dermochelys coriacea) off the Pacific coast of Canada, 1931-2009 / |w(CaOODSP)9.619738 |
| 830 | #0|aCanadian technical report of fisheries and aquatic sciences,|x1488-5379|v2858|w(CaOODSP)9.504449 |
| 856 | 40|ahttp://publications.gc.ca|qPDF|s4.27 MB |uhttps://publications.gc.ca/collections/collection_2012/mpo-dfo/Fs97-6-2858-eng.pdf|y2858 |